Catalog

Record Details

Catalog Search



Available copies

  • 2 of 3 copies available at LARL/NWRL Consortium.
  • 1 of 2 copies available at Lake Agassiz Regional Library. (Show preferred library)

Current holds

0 current holds with 3 total copies.

Show Only Available Copies
Location Call Number / Copy Notes Barcode Shelving Location Status Due Date
Cormorant LINK Site Y MAR (Text) 33500013378351 Main Available -
Moorhead Public Library Y MAR (Text) 33500013378344 Main Checked out 07/17/2026
Roseau Public Library ya MAR (Text) 35500006437733 Main Available -

Record details

  • ISBN: 9781728213798
  • ISBN: 1728213797
  • Physical Description: 471 pages : illustrations, map ; 21 cm
  • Publisher: Naperville, Illinois : Sourcebooks Casablanca, [2020]

Content descriptions

General Note:
Includes discussion questions.
Summary, etc.:
"Exiled Charmer Leena Edenfrell is running out of ... Read More
Target Audience Note:
For ages 15+.
Subject: Magic > Fiction.
Blessing and cursing > Fiction.
Man-woman relationships > Fiction.
Animals, Mythical > Fiction.
Man-woman relationships.
Magic.
Blessing and cursing.
Animals, Mythical.
Animals, Mythical.
Blessing and cursing.
Magic.
Man-woman relationships.
Mythical animals > Fiction.
Magic > Fiction.
Man-woman relationship > Fiction.
Genre: Young adult works.
Fiction.
Fantasy fiction.
Young adult fiction
Fantasy fiction.
Romance fiction.
Fiction.
Romance fiction.
Fantasy fiction.
Love stories.
Fantasy fiction.
LDR 02951cam a2200673Ii 4500
001362389
003LARL_NWRL_CONSORTIUM
00520210317180342.0
008190803s2020 ilua d 000 1 eng
010 . ‡a 2019033548
040 . ‡aAU@ ‡beng ‡cAU@ ‡erda ‡dOCLCO ‡dOCL ‡dFM0 ‡dILC ‡dOCL
020 . ‡a9781728213798 ‡qtrade paperback
020 . ‡a1728213797
035 . ‡a(OCoLC)1155805203
08200. ‡a813/.6 ‡223
1001 . ‡aMartineau, Maxym M., ‡eauthor.
24510. ‡aKingdom of exiles / ‡cMaxym M. Martineau.
264 1. ‡aNaperville, Illinois : ‡bSourcebooks Casablanca, ‡c[2020]
264 4. ‡c©2020.
300 . ‡a471 pages : ‡billustrations, map ; ‡c21 cm
336 . ‡astill image ‡bsti ‡2rdacontent
336 . ‡atext ‡btxt ‡2rdacontent
337 . ‡aunmediated ‡bn ‡2rdamedia
338 . ‡avolume ‡bnc ‡2rdacarrier
4900 . ‡aBeast charmer ; ‡v1
500 . ‡aIncludes discussion questions.
520 . ‡a"Exiled Charmer Leena Edenfrell is running out of time. Empty pockets forced her to sell her beloved magical beasts-an offense punishable by death-and now there's a price on her head. With the realm's most talented murderer-for-hire nipping at her heels, Leena makes Noc an offer he can't refuse: powerful mythical creatures in exchange for her life. Plagued by a curse that kills everyone he loves, Noc agrees to Leena's terms in hopes of finding a cure. Never mind that the dark magic binding the assassin's oath will eventually force him to choose between Leena's continued survival...and his own"--
5211 . ‡aFor ages 15+.
650 0. ‡aMagic ‡vFiction. ‡0(LARL_NWRL_CONSORTIUM)165984
650 0. ‡aBlessing and cursing ‡vFiction. ‡0(LARL_NWRL_CONSORTIUM)163718
650 0. ‡aMan-woman relationships ‡vFiction. ‡0(LARL_NWRL_CONSORTIUM)165985
650 0. ‡aAnimals, Mythical ‡vFiction. ‡0(LARL_NWRL_CONSORTIUM)170655
650 7. ‡aMan-woman relationships. ‡2fast ‡0(LARL_NWRL_CONSORTIUM)38460
650 7. ‡aMagic. ‡2fast ‡0(LARL_NWRL_CONSORTIUM)24943
650 7. ‡aBlessing and cursing. ‡2fast ‡0(LARL_NWRL_CONSORTIUM)15126
650 7. ‡aAnimals, Mythical. ‡2fast ‡0(LARL_NWRL_CONSORTIUM)13559
650 7. ‡aAnimals, Mythical. ‡2fast ‡0(LARL_NWRL_CONSORTIUM)13559
650 7. ‡aBlessing and cursing. ‡2fast ‡0(LARL_NWRL_CONSORTIUM)15126
650 7. ‡aMagic. ‡2fast ‡0(LARL_NWRL_CONSORTIUM)24943
650 7. ‡aMan-woman relationships. ‡2fast ‡0(LARL_NWRL_CONSORTIUM)38460
650 7. ‡aMythical animals ‡vFiction. ‡2sears
650 7. ‡aMagic ‡vFiction. ‡2sears ‡0(LARL_NWRL_CONSORTIUM)165984
650 7. ‡aMan-woman relationship ‡vFiction. ‡2sears
655 7. ‡aYoung adult works. ‡2fast
655 7. ‡aFiction. ‡2fast
655 7. ‡aFantasy fiction. ‡2fast
655 0. ‡aYoung adult fiction
655 7. ‡aFantasy fiction. ‡2lcgft
655 7. ‡aRomance fiction. ‡2lcgft
655 7. ‡aFiction. ‡2fast
655 7. ‡aRomance fiction. ‡2fast
655 7. ‡aFantasy fiction. ‡2gsafd
655 7. ‡aLove stories. ‡2gsafd
655 7. ‡aFantasy fiction. ‡2fast
901 . ‡a362389 ‡b ‡c362389 ‡tbiblio

Additional Resources